| 000 | 00640nam a2200229Ia 4500 | ||
|---|---|---|---|
| 003 | GCL | ||
| 008 | 140319s9999 xx 000 0 ara d | ||
| 040 |
_aGCL / _cGCL |
||
| 082 | 0 | 4 |
_a412 _bا ا |
| 100 | 1 | _aانيس فريحة | |
| 245 | 1 | 0 |
_aاسماء الاشهر والعدد والايام وتفسير معانيها / _cانيس فريحة |
| 300 | _a187 ص | ||
| 490 | _a | ||
| 650 | 0 | 4 | _aالاشتقاق |
| 650 | 0 | 4 | _aاللغة العربية |
| 650 | 0 | 4 | _aالاسماء |
| 650 | 0 | 4 | _aالاعداد |
| 650 | 0 | 4 | _aالارقام العربية |
| 650 | 0 | 4 | _aالايام |
| 650 | 0 | 4 | _aالشهور |
| 942 |
_2ddc _cBK |
||
| 999 |
_c37699 _d37699 |
||